000 00536nam a2200193 a 4500
001 1765892289269
003 YourLibrary
005 20251222113020.0
008 251216s2004##################000#0#eng##
020 _a9783631525135
082 0 4 _a230.0440951
_bMOL
100 1 _aMoltmann, Jürgen,
_eauthor.
245 1 0 _aSino-Theologie und Das Denken Jürgen Moltmanns :
260 _bPeter Lang Pub Incorporated,
_c2004.
300 _a244 pages
650 0 _aReligion.
942 _cENGLISH
040 _aYourLibrary
_beng
_cYourLibrary
999 _c603738
_d603738